| 000 | 00416nam a2200157 i 4500 | ||
|---|---|---|---|
| 001 | 128831 | ||
| 003 | ES-MaACL | ||
| 005 | 20230906193353.0 | ||
| 007 | t| | ||
| 008 | 070528q1912 fr ||||1| fre d | ||
| 100 | 1 |
_aTardieu, André. _9109273 |
|
| 245 | 1 | 3 |
_aLe mystere d'Agadir / _cAndré Tardieu. |
| 260 |
_aParís : _b[s.n.], _c[1912?] ( _fL. Pochy) |
||
| 300 |
_a620 p. ; _c22 cm. |
||
| 852 |
_aES-MaACL _jF-7354 |
||
| 999 |
_c128831 _d128831 |
||